logo

Bir Sreshtho Munshi Abdur Rouf Library
Jhenaidah Cadet College

জবানবন্দি : (Record no. 12533)

MARC details
000 -LEADER
fixed length control field 00808nam a2200217 a 4500
001 - CONTROL NUMBER
JCCL Control Number 12533
003 - CONTROL NUMBER IDENTIFIER
JCCL marc code BD-JhCC
005 - DATE AND TIME OF LATEST TRANSACTION
control field 20220808103447.0
008 - FIXED-LENGTH DATA ELEMENTS--GENERAL INFORMATION
fixed length control field 220808s2018 bg |||| |||| 000 0 ban d
020 ## - INTERNATIONAL STANDARD BOOK NUMBER
International Standard Book Number 9787025402833
035 ## - SYSTEM CONTROL NUMBER
system control number (BD-JhCC)12533
040 ## - CATALOGING SOURCE
Original cataloging agency BD-JhCC
Modifying agency BD-JhCC
041 ## - LANGUAGE CODE
Language code of Book bengla
082 ## - DEWEY DECIMAL CLASSIFICATION NUMBER
Classification number 297.74
Author mark and Year JOB 2018
245 ## - TITLE STATEMENT
Title জবানবন্দি :
Remainder of title নাস্তিকের মুখোমুখি /
Statement of responsibility, etc সম্পাদনায় নাইমুল ইসলাম
260 ## - PUBLICATION, DISTRIBUTION, ETC. (IMPRINT)
Place of publication, distribution, etc ঢাকা :
Name of publisher, distributor, etc ছালেহা প্রকাশ,
Date of publication, distribution, etc ২০১৮।
300 ## - PHYSICAL DESCRIPTION
Pagination ১৫৯ পৃ. :
Dimensions ২১ সেমি.
504 ## - BIBLIOGRAPHY, ETC. NOTE
Bibliography, etc গ্রন্থপঞ্জি অর্ন্তভূক্ত।
650 ## - SUBJECT ADDED ENTRY--TOPICAL TERM
Topical term or geographic name as entry element Religious Life--- Islam | Dawah (islam)
942 ## - ADDED ENTRY ELEMENTS (KOHA)
Source of classification or shelving scheme Dewey Decimal Classification
Koha item type Books
Holdings
Source of classification or shelving scheme Damaged status Not for loan Home library Current library Shelving location Date of accession Cost, normal purchase price Total Checkouts Full call number Barcode Date last seen Date checked out Copy number Koha item type
Dewey Decimal Classification     JCC Rouf Library JCC Rouf Library General Stacks 08/08/2022 180.00 7 297.74 JOB 2018 17422 04/24/2025 04/07/2025 C-1 Books

JCC Library | Contacts | JCC Home

Last Update on 23 September 2017
Copyright @ 2017-2020 JCC Rouf Library
Rouf Library, Jhenidah Cadet College (JCC), Bangladesh